Quizzes
Events
Quiz Creation
Community
Videos
Private Events
Remove Ads
Sign In
Join for FREE
Feedback
Dark Mode
Quiz Categories
Sports
Geography
Music
Movies
Television
Just For Fun
Miscellaneous
History
Literature
Language
Science
Gaming
Entertainment
Religion
Holiday
For Kids
Quiz Lab
Recent
Popular Today
Quiz Kudos Today
Editor Picks
Curator Picks
Quizzes by...
Day
Popularity
Type
Ratings
Length
Year
Community
Subscriptions
Recent Discussions
Orange Saloon
Badges
Playlists
Quests
Create
Leaderboards
Showdown
Live 5
Trivia Bingo
Activity
Puzzle Library
Sporcle Events
Private Events
Virtual Trivia
Globe League
Become a Host
Pub Owners
SporcleCon
Opinionation
Our Games
Videos
Blog
Mobile Apps
Partnerships
Remove Ads and Go Orange
Feedback
Sports
Athletes
MLB
NBA
NHL
NFL
Soccer
Sports Teams
WWE
NCAA
Football
Premier League
Basketball
Baseball
Hockey
Golf
Tennis
Cricket
Rugby
Auto Racing
Olympics
World Cup
Sports
Athletes
MLB
NBA
NHL
NFL
Soccer
Sports Teams
WWE
NCAA
Football
Premier League
Basketball
Baseball
Hockey
Golf
Tennis
Cricket
Rugby
Auto Racing
Olympics
World Cup
Random Quiz
Search Sporcle
×
Quiz Lab
Quiz Lab
Sports
Basketball
Type in answers that appear in a list
Type in answers that appear in a list
Classic
Best Score? Go Orange.
Metta World Peace (aka Ron Artest) at Lakers Media Day Stats
Can you name the words from World Peace's lengthy response to a simple question?
By
4tothe4th
15m
201 Questions
93 Plays
93 Plays
93 Plays
Comments
Comments
Give Quiz Kudos
Give Quiz Kudos
-
- Ratings
hide this ad
More Info
Replay
Link that replays current quiz
Next Quiz
Link to next quiz in quiz playlist
You Got
0%
They Got
Avg Score
25%
Avg Friend Score
Upgrade to see
Score Distribution
Jump to the score distribution portion of the page
Score
0/201
Timer
15:00
0
Plays Today
% Correct
the
78.5%
and
78.5%
a
78.5%
And
78.5%
And
78.5%
And
78.5%
And
78.5%
and,
78.5%
and
78.5%
the
78.5%
the
78.5%
me
59.1%
you
50.5%
you
50.5%
you
50.5%
you
50.5%
You
50.5%
You
50.5%
you
50.5%
you
50.5%
you
50.5%
to
47.3%
no
46.2%
it.
40.9%
he
40.9%
he
40.9%
world
40.9%
he
40.9%
be
39.8%
I
38.7%
I
38.7%
I
38.7%
I
38.7%
I
38.7%
I
38.7%
I
38.7%
I
38.7%
my
35.5%
my
35.5%
my
35.5%
my
35.5%
Well,
33.3%
that
32.3%
not
32.3%
like,
32.3%
That
32.3%
that
32.3%
like,
32.3%
That
32.3%
do
32.3%
that
32.3%
like,
32.3%
like,
32.3%
that.
32.3%
like,
32.3%
like
32.3%
like
32.3%
that.
32.3%
not
32.3%
So
31.2%
So
31.2%
when
30.1%
what
30.1%
when
30.1%
when
30.1%
on
30.1%
what
30.1%
% Correct
was
28%
was
28%
of
28%
was
28%
was,
28%
was
28%
know?
28%
in.
28%
know?
28%
was
28%
was
28%
know,
28%
of
28%
know?
28%
in
28%
did
23.7%
if
23.7%
than
23.7%
if
23.7%
did
23.7%
than
23.7%
I'm
22.6%
I'm
22.6%
just
21.5%
your
21.5%
would
21.5%
just
21.5%
your
21.5%
your
21.5%
but
21.5%
just
21.5%
just
21.5%
would
21.5%
just
21.5%
would
21.5%
at
21.5%
'Cause
20.4%
'Cause
20.4%
Jesus
19.4%
think
19.4%
has
19.4%
teeth
18.3%
teeth
18.3%
teeth
18.3%
with
18.3%
about
18.3%
teeth,
18.3%
teeth
18.3%
about
18.3%
about
18.3%
with
18.3%
teeth
18.3%
teeth
18.3%
lose
17.2%
or
17.2%
then
17.2%
lose
17.2%
'em?
17.2%
lose
17.2%
lose
17.2%
or
17.2%
then
17.2%
lose
17.2%
happy
16.1%
them
16.1%
them
16.1%
their
16.1%
% Correct
baby
15.1%
you're
15.1%
baby
15.1%
you're,
15.1%
nothing
15.1%
Christ,
14%
um,
14%
old.
14%
really
14%
mind.
14%
um,
14%
really
14%
20
12.9%
years
12.9%
20,
12.9%
look
12.9%
bad.
12.9%
20.
12.9%
question,
12.9%
thought
12.9%
20,
12.9%
only
12.9%
let
11.8%
thinking
11.8%
thinking
11.8%
also
11.8%
let
11.8%
18
10.8%
30
10.8%
today?
10.8%
grow
10.8%
that's
10.8%
18,
10.8%
days,
10.8%
age
9.7%
lost
9.7%
new
9.7%
back
9.7%
things
9.7%
age
9.7%
he's
8.6%
seven
8.6%
seven
8.6%
said,
8.6%
wow,
7.5%
32.
7.5%
ugly
7.5%
build
7.5%
wondering,
6.5%
kept
6.5%
rather
6.5%
nights,
6.5%
OK,
6.5%
rather
6.5%
until
5.4%
pretty
5.4%
pretty
5.4%
persona
5.4%
pretty
5.4%
brilliant
4.3%
brilliant;
4.3%
actually
4.3%
late.
4.3%
definitely
3.2%
people's
3.2%
image
3.2%
early,
3.2%
Quiz Playlist
Details
Report
Send in Message
Add To Playlist
More Info:
A reporter asked Metta a fairly simple question (see first comment) at media day. His response was not exactly on topic.
Classic:
Type in answers that appear in a list
Quiz Source
Last Updated: Feb 16, 2017
Quiz Scoreboard
CHALLENGE
Sign Up to Join the Scoreboard
Show All
Scores
Hide
Comments
May contain spoilers
Recently Published
Alphabetical 'K' Countries by Flag Minefield
by ylime102
Geography
3m
Pick 6: Fruits
by JohnFran
Miscellaneous
15s
Click the 1999 NBA Draft
by nibperrychub
Sports
2m
More to Explore
Quiz From the Vault
Featured Blog Post
15 Basketball Trivia Facts You Can Be March Mad About
hide this ad
You Might Also Like...
Tags
Basketball Quiz
NBA Quiz
World Quiz
artest
Interview
Los Angeles Lakers
peace
response
ron
speech
Today's Top Quizzes in Sports
Browse Sports
hide this ad
Today's Top Quizzes in Basketball
Browse Basketball
Top Contributed Quizzes in Sports
1
Les joueurs à 100 buts en Ligue 1 Uber Eats
2
2022 World Cup Stars
3
Millionaire: NBA Finals Edition
4
2024 March Madness Bracket
5
Players with Multiple 50 Home Run Seasons
6
Criteria MLB: Left Handed Sluggers
7
Nickname Match: Athletes VI
8
Iconic Moments in Football - Multiple Choice
9
NFL MVPs ordered
10
NBA Championships Per City
Explore More
Trending Topics
Harry Potter
Anime
Marvel
Disney
Crossword
NBA
Kpop
NFL
Country
Pokémon
Song
WWE
Puzzle
Soccer
The Office
hide this ad
More By:
4tothe4th
Quiz
Plays
Rating
Category
Featured
Created
Peanuts Baseball Lineup
52,174
4.38
Entertainment
Sep 5, 2010
Philly Slang (Clickable)
13,705
4.25
Language
Apr 9, 2012
Punk Rock Slot Machine
3,057
3.25
Music
Jan 7, 2011
Top MLB Birthplaces 1910 - 2010
2,827
2.77
Sports
Apr 22, 2010
Top 10 Good Guys and Bad Guys in Sports
1,441
1.76
Sports
Feb 6, 2011
Go to Creator's Profile
Score Distribution
Quiz Creator Spotlight
4tothe4th
Follow
Send a Message
Quizzes Created
-
Created Quiz Play Count
-
More By This Creator
Popular Quizzes Today
1
Countries of Asia Without Outlines Minefield
2
Pick 6: Fruits
3
Find the US States - No Outlines Minefield
4
Alphabetical 'K' Countries by Flag Minefield
5
Click the 1999 NBA Draft
6
The Countries of the World
7
Match the Book to the Film X
8
Find the US States
More Sports Quizzes
England Players of the Match in Test cricket since 2000
Quiz Lab
Trending Quizzes
Donkey Kong Minefield
Multiplication Danger Zone
DC Extended Universe: Oldest to Newest
The 3rd Thing You Need to Know: Actresses
Minefield Map: North American Capitals
Recently Updated
Women's Final Four Teams by Year
bhenderson79
Presidents Quartet II
eogle
Anything But Clue(do)
eogle
Anything But Oceanian Capitals
eogle
Anything But 7
eogle
Anything But Thing
eogle
Word Ladder: February 29
pecheneg
Song Title Questions
pecheneg
Women's NCAA Tournament #1 Seeds
pecheneg
Celebrity Mug Shots
pecheneg
Trending Topics
Disney
NBA
Crossword
Harry Potter
Kpop
Anime
Marvel
Soccer
Pokémon
Puzzle
Song
NFL
Country
The Office
WWE
Your Account Isn't Verified!
In order to create a playlist on Sporcle, you need to verify the email address you used during registration. Go to your
Sporcle Settings
to finish the process.
Report this User
Report this user for behavior that violates our
Community Guidelines
.
Details:
Send Report
Go to the Sporcle.com Mobile Site →
Comments